00333 a2200145 450000100060000002000150000604000240002110000220004524000330006724500280010030000070012836200090013544000120014465000310015670667 a8508066171 cAnchieta - Itaigara aChianca, Leonardo10aUma viagem para o campolpor10aUma viagem para o campo a470 a1997 1aÁtica 4aLiteratura infanto-juvenil